North American Countries from Turkish to English - Statistics

General Stats
  • This quiz has been taken 159 times
  • The average score is 9 of 10
Answer Stats
Türkçe English % Correct
Bahamalar Bahamas
98%
Kanada Canada
94%
Jamaika Jamaica
94%
Kosta Rika Costa Rica
93%
Dominika Dominica
93%
Küba Cuba
92%
Nikaragua Nicaragua
92%
Dominik Cumhuriyeti Dominican Republic
91%
Meksika Mexico
90%
Birleşik Devletler United States
79%
No matching quizzes found
Score Distribution
Percent of People with Each Score
Percentile by Number Answered
Your Score History
You have not taken this quiz